|
|
|
|
| LEADER |
00000caa a22000002c 4500 |
| 001 |
1912627000 |
| 003 |
DE-627 |
| 005 |
20250125055243.0 |
| 007 |
cr uuu---uuuuu |
| 008 |
241217s2000 xx |||||o 00| ||eng c |
| 035 |
|
|
|a (DE-627)1912627000
|
| 035 |
|
|
|a (DE-599)KXP1912627000
|
| 040 |
|
|
|a DE-627
|b ger
|c DE-627
|e rda
|
| 041 |
|
|
|a eng
|
| 084 |
|
|
|a 2,1
|2 ssgn
|
| 100 |
1 |
|
|a Widom, Cathy Spatz
|d 1945-
|e VerfasserIn
|0 (DE-588)17238088X
|0 (DE-627)697323579
|0 (DE-576)133245195
|4 aut
|
| 109 |
|
|
|a Widom, Cathy Spatz 1945-
|a Spatz Widom, Cathy 1945-
|a Widom, Cathy S. 1945-
|
| 245 |
1 |
0 |
|a Motivation and mechanisms in the 'cycle of violence'
|
| 264 |
|
1 |
|b University of Nebraska Press
|c 2000
|
| 336 |
|
|
|a Text
|b txt
|2 rdacontent
|
| 337 |
|
|
|a Computermedien
|b c
|2 rdamedia
|
| 338 |
|
|
|a Online-Ressource
|b cr
|2 rdacarrier
|
| 773 |
0 |
8 |
|i Enthalten in
|t Motivation and Child Maltreatment
|g 46(2000), NCJ 241140, Seite 1-37
|
| 773 |
1 |
8 |
|g volume:46
|g year:2000
|g number:NCJ 241140
|g pages:1-37
|
| 787 |
0 |
8 |
|i Forschungsdaten
|a Widom, Cathy Spatz
|t Child Abuse, Neglect, and Violent Criminal Behavior in a Midwest Metropolitan Area of the United States, 1967-1988
|d [Erscheinungsort nicht ermittelbar] : [Verlag nicht ermittelbar], 1991
|w (DE-627)1840063270
|
| 856 |
4 |
0 |
|u http://www.ncjrs.gov/App/publications/abstract.aspx?ID=263228
|x Verlag
|z lizenzpflichtig
|3 Volltext
|7 1
|
| 935 |
|
|
|a mkri
|
| 951 |
|
|
|a AR
|
| ELC |
|
|
|a 1
|
| LOK |
|
|
|0 000 xxxxxcx a22 zn 4500
|
| LOK |
|
|
|0 001 4637592526
|
| LOK |
|
|
|0 003 DE-627
|
| LOK |
|
|
|0 004 1912627000
|
| LOK |
|
|
|0 005 20241217044724
|
| LOK |
|
|
|0 008 241217||||||||||||||||ger|||||||
|
| LOK |
|
|
|0 035
|a (DE-2619)ICPSR31974
|
| LOK |
|
|
|0 040
|a DE-2619
|c DE-627
|d DE-2619
|
| LOK |
|
|
|0 092
|o n
|
| LOK |
|
|
|0 852
|a DE-2619
|
| LOK |
|
|
|0 852 1
|9 00
|
| LOK |
|
|
|0 935
|a uvkn
|a nacp
|
| LOK |
|
|
|0 939
|a 17-12-24
|b l01
|
| ORI |
|
|
|a SA-MARC-krimdoka001.raw
|